Human Resource Management / Seventh Edition (Record no. 923)
[ view plain ]
| 000 -LEADER | |
|---|---|
| fixed length control field | 02351cam a22002294a 4500 |
| 005 - ΗΜΕΡΟΜΗΝΙΑ ΚΑΙ ΩΡΑ ΤΕΛΕΥΤΑΙΑΣ ΕΝΗΜΕΡΩΣΗΣ | |
| Πεδίο ελέγχου | 20250605163950.0 |
| 008 - FIXED-LENGTH DATA ELEMENTS--GENERAL INFORMATION | |
| Πεδίο ελέγχου σταθερού μήκους | 250528s ||||||||||||||||||||||||d |
| 035 ## - SYSTEM CONTROL NUMBER | |
| System control number | 15333 |
| 020 ## - ISBN | |
| ISBN | 314025294 |
| 040 ## - ΠΗΓΗ ΚΑΤΑΛΟΓΟΓΡΑΦΗΣΗΣ | |
| Φορέας πρωτότυπης καταλογογράφησης | MC Athens Campus Library |
| Γλώσσα καταλογογράφησης | Ελληνικά, Μοντέρνα (1453-) |
| Modifying agency | MC Athens Campus Library |
| Κανόνες περιγραφικής καταλογογράφησης | AACR2 |
| 245 1# - ΤΙΤΛΟΣ ΚΑΙ ΔΗΛΩΣΗ ΥΠΕΥΘΥΝΟΤΗΤΑΣ | |
| Τίτλος | Human Resource Management / Seventh Edition |
| 250 ## - EDITION STATEMENT | |
| Edition statement | 7th |
| 260 ## - PUBLICATION, DISTRIBUTION, ETC. | |
| Name of publisher, distributor, etc. | West Publishing Corporation, |
| Date of publication, distribution, etc. | 1994 |
| 300 ## - PHYSICAL DESCRIPTION | |
| Extent | 664 |
| 505 0# - FORMATTED CONTENTS NOTE | |
| Formatted contents note | Preface, Perspectives on Human Resource Management, Nature of Human Resource Management, Human Resource Management: Diversity and Global Issues, Strategic Human Resource Planning, Human Resource Issues in Productivity and Quality, Equal Employment Opportunity, Equal Employment, Impementing Equal Employment, Analyzing and Staffing Jobs, Job Analysis, Recruiting Human Resources, Selecting Human Resources, Training and Developing Human Resources, Orientation and Training, Human Resource Development and Careers, Appraisal of Human Resources, Compensating Human Resources, Compensation Administration, Incentives and Executive Compensation, Employee Benefits, Employee and Labor Relations, Health and Safety, Employee Rights and Discipline, Union-Management Relations, Collective Bargaining and Grievance Management, Human Resource Assessment Systems, Appendices, Glossary, Name and Subject Index. |
| 520 ## - SUMMARY, ETC. | |
| Summary, etc. | Preface, Perspectives on Human Resource Management, Nature of Human Resource Management, Human Resource Management: Diversity and Global Issues, Strategic Human Resource Planning, Human Resource Issues in Productivity and Quality, Equal Employment Opportunity, Equal Employment, Impementing Equal Employment, Analyzing and Staffing Jobs, Job Analysis, Recruiting Human Resources, Selecting Human Resources, Training and Developing Human Resources, Orientation and Training, Human Resource Development and Careers, Appraisal of Human Resources, Compensating Human Resources, Compensation Administration, Incentives and Executive Compensation, Employee Benefits, Employee and Labor Relations, Health and Safety, Employee Rights and Discipline, Union-Management Relations, Collective Bargaining and Grievance Management, Human Resource Assessment Systems, Appendices, Glossary, Name and Subject Index. |
| 700 1# - ΠΡΟΣΘΕΤΗ ΑΝΑΓΡΑΦΗ--ΦΥΣΙΚΟ ΠΡΟΣΩΠΟ | |
| Personal name | Jackson H. John |
| 9 (RLIN) | 1233 |
| 700 1# - ΠΡΟΣΘΕΤΗ ΑΝΑΓΡΑΦΗ--ΦΥΣΙΚΟ ΠΡΟΣΩΠΟ | |
| Personal name | Mathis L. Robert |
| 9 (RLIN) | 1234 |
| 942 ## - ADDED ENTRY ELEMENTS (KOHA) | |
| Koha item type | Books |
| Τύπος τεκμηρίου | Βιβλιοθήκη | Τρέχουσα τοποθεσία | Barcode | Αριθμός εισαγωγής | Ημερομηνία απόκτησης | Ταξιθετικό σύμβολο | Αριθμός αντιτύπου | Κατάσταση απόσυρσης | Κατάσταση χαμένου | Κατάσταση κατεστραμμένου | Μη δανεισμός | Σύνολο δανεισμών | Ημερομηνία τελευταίας εμφάνισης | Η τιμή ισχύει από |
|---|---|---|---|---|---|---|---|---|---|---|---|---|---|---|
| Books | MC Athens Campus Library | MC Athens Campus Library | 9780000009227 | 1581 | 05/06/2025 | 658.3 MAT | 1 | 05/06/2025 | 05/06/2025 |